<?xml version="1.0" encoding="UTF-8"?>
<record
    xmlns:xsi="http://www.w3.org/2001/XMLSchema-instance"
    xsi:schemaLocation="http://www.loc.gov/MARC21/slim http://www.loc.gov/standards/marcxml/schema/MARC21slim.xsd"
    xmlns="http://www.loc.gov/MARC21/slim">

  <leader>01904nam a2200217 a 4500</leader>
  <datafield tag="020" ind1=" " ind2=" ">
    <subfield code="a">0397552440 (hardcover)</subfield>
  </datafield>
  <datafield tag="020" ind1=" " ind2=" ">
    <subfield code="a">9780397552443 (hardcover)</subfield>
  </datafield>
  <datafield tag="082" ind1=" " ind2=" ">
    <subfield code="a">615.58 NUR</subfield>
  </datafield>
  <datafield tag="100" ind1="1" ind2=" ">
    <subfield code="a">Cleveland, Leah.</subfield>
  </datafield>
  <datafield tag="245" ind1="1" ind2="0">
    <subfield code="a">Nursing management in drug therapy /</subfield>
  </datafield>
  <datafield tag="250" ind1=" " ind2=" ">
    <subfield code="a">Pap/Dskt ed.</subfield>
  </datafield>
  <datafield tag="260" ind1=" " ind2=" ">
    <subfield code="a">[S.l.] :</subfield>
    <subfield code="b">Lippincott Williams &amp; Wilkins,</subfield>
    <subfield code="c">1998.</subfield>
  </datafield>
  <datafield tag="300" ind1=" " ind2=" ">
    <subfield code="a">1152 p. ;</subfield>
  </datafield>
  <datafield tag="520" ind1=" " ind2=" ">
    <subfield code="a">This text's systematic organization, prototype approach, and effective pedagogy will help your students make sense of the complex world of pharmacology. Written by nursing pharmacology faculty, this text takes a totally fresh approach to the teaching of pharmacology. It is the first ever to fully integrate pharmacology with the nursing process and present it in a framework that encourages students to 'think' nursing pharmacology. Its goal is to maximize therapeutic effect and minimize adverse reactions; it accomplishes this through the use of a nursing management map to help students understand how to customize patient drug therapy, according to drug and patient variables. Units are organized by body system and chapters by drug classification and therapeutic uses; text uses the prototype approach to teach drug information. Adult, pediatric, geriatric and pregnant and lactating patient considerations. Concept Maps, Critical Thinking Clinical Scenarios, End-of-Chapter Questions for Study &amp; Review, Illustrated Physiology Displays and Selected Drug Tables skillfully support the text discussions. A student workbook as well as a Booklink Web Site are also available. Connection Website: connection.LWW.com/go/cleveland.</subfield>
  </datafield>
  <datafield tag="650" ind1=" " ind2=" ">
    <subfield code="a">nursing,nursing management,drug therapy</subfield>
  </datafield>
  <datafield tag="700" ind1="1" ind2=" ">
    <subfield code="a">RN, Diane S. Aschenbrenner.</subfield>
  </datafield>
  <datafield tag="700" ind1="1" ind2=" ">
    <subfield code="a">CNE, Samantha J. Venable MS  RN  FNP </subfield>
  </datafield>
  <datafield tag="700" ind1="1" ind2=" ">
    <subfield code="a">Yensen, Jack A. P.</subfield>
  </datafield>
  <datafield tag="856" ind1="4" ind2="0">
    <subfield code="u">http://www.amazon.com/exec/obidos/ASIN/0397552440/chopaconline-20</subfield>
  </datafield>
  <datafield tag="942" ind1=" " ind2=" ">
    <subfield code="c">BK</subfield>
  </datafield>
  <datafield tag="999" ind1=" " ind2=" ">
    <subfield code="c">1440</subfield>
    <subfield code="d">1440</subfield>
  </datafield>
  <datafield tag="952" ind1=" " ind2=" ">
    <subfield code="0">0</subfield>
    <subfield code="1">0</subfield>
    <subfield code="7">0</subfield>
    <subfield code="8">NFIC</subfield>
    <subfield code="a">IC</subfield>
    <subfield code="b">IC</subfield>
    <subfield code="c">GEN</subfield>
    <subfield code="d">2015-07-05</subfield>
    <subfield code="l">0</subfield>
    <subfield code="o">615.58 NUR</subfield>
    <subfield code="p">002657</subfield>
    <subfield code="r">2015-07-05 00:00:00</subfield>
    <subfield code="w">2015-07-05</subfield>
    <subfield code="y">REF</subfield>
  </datafield>
</record>
